| 000 | 00670nam a2200253 a 4500 | ||
|---|---|---|---|
| 999 |
_c1150 _d1150 |
||
| 008 | 191204s20102011ii a|||g |||| 001 0 eng d | ||
| 020 |
_a9788174090287 _cRs. 300.00 |
||
| 040 |
_aKO _beng |
||
| 041 | 0 | _aeng | |
| 044 | _aii | ||
| 082 | 0 | 4 |
_223 _a671.52 _bP24 |
| 100 | 1 | _aParmar, R. S. | |
| 245 | 1 | 0 |
_aWelding Engineering and Technology / _cR. S. Parmar |
| 250 | _a2nd ed. | ||
| 260 |
_aNew Delhi : _bKhanna Publishers, _c2010, reprinted 2011 |
||
| 300 |
_axx, 1374 p. : _bill. ; _c21 cm. |
||
| 504 | _aIncludes index. | ||
| 650 | 0 |
_aWelding _vTextbooks |
|
| 650 | 0 | _aMetals--Weldability | |
| 650 | 0 | _aMetal-work | |
| 904 | _aS_JOY | ||
| 942 | _cBK | ||